Parazitológia a invázne choroby

Bibliographic Details
Main Author: Jurášek, Viliam, 1929-1992 (Author)
Format: Book
Language:Slovak
PhysicalDescription:351 s. 29 cm
Published: Bratislava Príroda 1987
Edition:1. vyd.
Series:Vysokoškolské učebné texty
Subjects:

MARC

LEADER 00000nam a2200000 a 4500
001 vtls001120682
003 SK-MaSNL
005 20260302073251.0
008 240517s1987 xo f p 00000 slo
015 |a SNBA1988/04 
035 |a SNK000063525 
040 |a SNK  |b slo  |c SNK  |e AACR2 
041 0 |a slo 
044 |a xo  |c SK 
080 |a 576.89:619:616(075.8)  |2 1981 
080 |a 619  |2 1981 
080 |a 616(075.8)  |2 1981 
100 1 |a Jurášek, Viliam,  |d 1929-1992  |4 aut  |9 39208 
245 1 0 |a Parazitológia a invázne choroby  |c Viliam Jurášek 
250 |a 1. vyd. 
260 |a Bratislava  |b Príroda  |c 1987  |e Nitra  |f Nitrianske tlačiarne 
300 |a 351 s.  |c 29 cm 
366 |e 1000 výtl. 
490 1 |a Vysokoškolské učebné texty 
650 0 7 |a hospodárske zvieratá  |2 SNKPH  |9 1097 
650 0 7 |a veterinárna parazitológia  |2 SNKPH  |9 69017 
655 7 |a učebnice vysokých škôl  |2 SNKPH  |9 70191 
830 0 |a Vysokoškolské učebné texty  |9 276539 
852 |a Slovenská národná knižnica 
958 |a OND 
958 |a TL 
958 |a UV 
999 |c 1160150  |d 1162080 
952 |a SNK  |b SNK  |y PREZ  |7 0  |p 17A0824834  |o snkSB 42893   |0 0  |1 0  |4 0  |d 2012-07-04  |f 1  |l 0  |r 2025-05-09 00:00:00  |w 2026-02-24 
952 |t P60, <04>, [BOOK], {604}  |a SNK  |b SNK  |y VYP  |7 0  |p 17A0146827  |o snkSB 42893 D1  |0 0  |1 0  |4 0  |d 1998-07-03  |l 0  |r 2004-12-31 00:00:00  |w 2026-02-24